000 00553nam a2200205Ia 4500
003 GCL
008 140319s9999 xx 000 0 eng d
020 _a9280312154
040 _aGCL /
_cGCL
082 0 4 _a371.262
_bK U
100 1 _aKELLAGHAN, THOMAS
245 1 0 _aUSING ASSESSMENT TO IMPROVE THE QUALITY OF EDUCATION /
_cKELLAGHAN, THOMAS
260 _aنيويورك :
_bUNESCO ،
_c2001
300 _a20 CM ؛
_c101 P
650 0 4 _aTEACHING
650 0 4 _aEDUCATIONAL PLANNING
650 0 4 _aLEARNING
650 0 4 _aEDUCATION
942 _2ddc
_cBK
999 _c5758
_d5758